[Event "grapia"]
[Site "http://www.queenalice.com/game.php?id=1808841"]
[Date "2023.3.29"]
[Round "-"]
[White "mdfran72"]
[Black "AntoniusBlock"]
[Result "1-0"]
[WhiteElo "1636"]
[BlackElo "1317"]

1. e4 Nc6 2. d4 d5 3. e5 e6 4. Nf3 b6 5. c4 Bb4+ 6. Bd2 a5 7. Nc3 dxc4 8. Bxc4
Nxd4 9. Nxd4 Qxd4 10. Bb5+ Bd7 11. Bxd7+ Qxd7 12. O-O Qd4 13. Qe1 f6 14. Qe3
fxe5 15. Qxd4 exd4 16. Nb1 Bd6 17. b3 O-O-O 18. a4 Nf6 19. Bg5 Be5 20. Na3 h6
21. Bxf6 gxf6 22. Nc4 Rhg8 23. g3 c6 24. Nxe5 fxe5 25. Rfe1 Rg5 26. h4 d3 27.
Rad1 Rf5 28. Re3 Rd4 29. Rdxd3 b5 30. Rxd4 exd4 31. Rxe6 Rf3 32. Rd6 Rxb3 33.
Rxc6+ Kb7 34. axb5 Rxb5 35. Rd6 Rb1+ 36. Kg2 Rd1 37. Kf3 a4 38. Ke2 Rb1 39. Rxd4
a3 40. Ra4 Rb2+ 41. Ke3 a2 42. f4 Rb3+ 43. Kf2 Rb2+ 44. Kf3 Rb3+ 45. Kg4 Rb2 46.
Kh5 Kb6 47. f5 Kb5 48. Ra8 Kb4 49. f6 Kb3 50. Kxh6 Rb1 51. f7 a1=Q 52. Rxa1 Rxa1
53. f8=Q Kb2 54. Qf6+ Ka2 55. g4 Rb1 56. g5 Rh1 57. h5 Kb3 58. g6 Kc4 59. g7 Rg1
60. Kh7 Rh1 61. Qg6 Kd4 62. g8=Q Ke5 63. Q8g7+ Kf4 64. Q7f7+ Ke3 65. Qge6+ Kd4
66. Qfd7+ Kc3 67. Qec6+ Kb2 68. Qdb7+ Ka3 69. Qca6# 1-0

[Event "Challenge"]
[Site "http://www.queenalice.com/game.php?id=1810116"]
[Date "2023.4.17"]
[Round "-"]
[White "AntoniusBlock"]
[Black "mdfran72"]
[Result "0-1"]
[WhiteElo "1314"]
[BlackElo "1629"]

1. d4 d5 2. Nc3 e6 3. Nf3 Nc6 4. g3 Bb4 5. Bg2 Nge7 6. O-O Nf5 7. a3 Bxc3 8.
bxc3 b5 9. Ne5 Nxe5 10. dxe5 f6 11. Bf4 g5 12. Bc1 fxe5 13. Bb2 e4 14. c4 O-O
15. cxb5 g4 16. Qd2 Qe7 17. Qf4 h5 18. f3 exf3 19. exf3 Ng7 20. Qe3 Bb7 21. f4
Nf5 22. Qb3 c5 23. Rae1 c4 24. Qa2 a5 25. a4 h4 26. Bc3 h3 27. Bxh3 gxh3 28. g4
Nd6 29. Qa3 Qd7 30. Be5 Ne4 31. Rd1 Rf7 32. Qxh3 Rh7 33. Qg2 Nc3 34. Bxc3 Qc7
35. Be5 Qd7 36. g5 Rf8 37. g6 Rh5 38. g7 Rff5 39. Rf3 d4 40. Rxd4 Qc8 41. Qg3
Bxf3 42. Qxf3 Rh4 43. Rd6 Rfh5 44. Rc6 Qb7 45. h3 Rxh3 46. Qg4 Qa7+ 47. b6 Rh1+
48. Kg2 R5h2+ 49. Kf3 Rh3+ 50. Kg2 Qd7 51. Rc7 Qd2+ 0-1

[Event "It's a sty"]
[Site "http://www.queenalice.com/game.php?id=1811320"]
[Date "2023.5.6"]
[Round "-"]
[White "AntoniusBlock"]
[Black "mdfran72"]
[Result "0-1"]
[WhiteElo "1311"]
[BlackElo "1632"]

1. Nc3 d5 2. d4 f5 3. Nf3 e6 4. e3 Nd7 5. g3 c5 6. Bg2 c4 7. O-O Ngf6 8. Ne5 Ne4
9. Nf7 Kxf7 10. Qh5+ g6 11. Qe2 Ndf6 12. f3 Nxc3 13. bxc3 Qa5 14. Bb2 Ba3 15.
Rab1 Bxb2 16. Rxb2 Qxc3 17. Rfb1 b6 18. g4 fxg4 19. fxg4 g5 20. Bh3 Qa3 21. Qd2
Qf8 22. e4 Ke7 23. Qxg5 h6 24. Qe5 Nxe4 25. Rf1 Qe8 26. c3 Bd7 27. Qc7 Nxc3 28.
Rbf2 Rh7 29. Rf3 Ne2+ 30. Kh1 Nxd4 31. Rf4 Nc6 32. Bg2 Qc8 33. Qxc8 Rxc8 34. a4
Kd6 35. h4 Re8 36. Kg1 e5 37. Rf6+ Kc5 38. h5 Bxg4 39. Bf3 Bxf3 40. R6xf3 e4 41.
Re3 Rg7+ 42. Kf2 Rf8+ 43. Ke2 Rxf1 44. Kxf1 Rg5 45. Rh3 Kb4 46. Kf2 Kxa4 47. Ke3
Kb3 48. Kf4+ c3 0-1

[Event "Turned his faith into hamburger"]
[Site "http://www.queenalice.com/game.php?id=1812189"]
[Date "2023.5.20"]
[Round "-"]
[White "mdfran72"]
[Black "AntoniusBlock"]
[Result "1-0"]
[WhiteElo "1635"]
[BlackElo "1308"]

1. e4 b6 2. d4 Bb7 3. d5 Nf6 4. Nc3 c6 5. dxc6 Nxc6 6. f3 Qc7 7. Nge2 g6 8. g4
Bg7 9. Bg5 h6 10. Bxf6 Bxf6 11. Nd5 Qe5 12. Nxf6+ Qxf6 13. c3 Qxf3 14. Ng3 Qf4
15. Qe2 Qc7 16. Bg2 Ne5 17. O-O O-O-O 18. b4 h5 19. gxh5 gxh5 20. Nxh5 f6 21.
Qd1 d5 22. Qe2 dxe4 23. Nf4 Nf3+ 24. Bxf3 exf3 25. Qe3 Rdg8+ 26. Kf2 Rh4 27.
Qe6+ Qd7 28. Qxg8+ Kc7 29. Ne6+ Kd6 30. Rad1+ Bd5 31. Qg3+ Kxe6 32. Qxh4 Qb5 33.
Qg4+ f5 34. Rde1+ Kf6 35. Qh4+ Kf7 36. Qxe7+ Kg6 37. Rg1+ Kh5 38. Qh7# 1-0

[Event "We got beaucoup movement"]
[Site "http://www.queenalice.com/game.php?id=1812953"]
[Date "2023.6.2"]
[Round "-"]
[White "AntoniusBlock"]
[Black "mdfran72"]
[Result "0-1"]
[WhiteElo "1305"]
[BlackElo "1636"]

1. d4 d5 2. g3 e6 3. Bg2 f5 4. Nf3 Nc6 5. Ne5 Nge7 6. Nxc6 Nxc6 7. c3 g5 8. e3
g4 9. f4 Bd6 10. Na3 Bxa3 11. bxa3 h5 12. h4 O-O 13. Qe2 a5 14. a4 b6 15. Ba3
Re8 16. O-O Ba6 17. c4 Bxc4 18. Qc2 Bxf1 19. Qxc6 Bc4 20. Bf1 Bxf1 21. Rxf1 Kh7
22. Qc2 Rc8 23. Re1 Qd7 24. Qb3 Rb8 25. Rb1 c6 26. Kg2 b5 27. Bc5 b4 28. Qc2 Kg6
29. e4 dxe4 30. Re1 Qd5 31. Kf2 b3 32. axb3 Qxb3 33. Qe2 Qf3+ 34. Kg1 Qxg3+ 35.
Kf1 Qxf4+ 36. Kg2 Qf3+ 37. Kg1 Qxe2 38. Rxe2 Rb1+ 39. Kf2 Reb8 40. Re3 R8b2+ 41.
Re2 Rb3 42. Bd6 Rf3+ 43. Kg2 Rbf1 44. Bg3 Kf6 45. Rf2 R1xf2+ 46. Bxf2 e3 47. Be1
e2 0-1

[Event "Size My Times"]
[Site "http://www.queenalice.com/game.php?id=1813925"]
[Date "2023.6.13"]
[Round "-"]
[White "mdfran72"]
[Black "AntoniusBlock"]
[Result "1-0"]
[WhiteElo "1639"]
[BlackElo "1302"]

1. d4 Nf6 2. f4 Nd5 3. e3 g6 4. g4 Bg7 5. Nf3 O-O 6. c4 Re8 7. cxd5 e5 8. dxe5
d6 9. Qd4 dxe5 10. fxe5 f5 11. gxf5 gxf5 12. e4 Nd7 13. exf5 Bxe5 14. Qd3 Bc3+
15. Kd1 Bf6 16. Rg1+ Kf7 17. Nc3 Nc5 18. Qc4 b6 19. d6+ Kf8 20. Bh6+ Bg7 21.
Rxg7 Qxd6+ 22. Nd2 Qxh6 23. Qg8# 1-0

[Event "Challenge"]
[Site "http://www.queenalice.com/game.php?id=1814379"]
[Date "2023.6.19"]
[Round "-"]
[White "AntoniusBlock"]
[Black "mdfran72"]
[Result "0-1"]
[WhiteElo "1299"]
[BlackElo "1642"]

1. d4 g6 2. b3 Bg7 3. Bb2 Nf6 4. Nc3 d5 5. Qd3 e6 6. e4 Nfd7 7. exd5 e5 8. O-O-O
O-O 9. Ne4 f5 10. Nc5 Nxc5 11. dxc5 e4 12. Qc4 Bxb2+ 13. Kxb2 Qf6+ 14. Kb1 Bd7
15. c6 bxc6 16. dxc6+ Be6 17. Qb5 Bf7 18. Qb7 Qxc6 19. Qb4 Nd7 20. Bb5 Qc5 21.
Rd4 a5 22. Qa4 Nb6 23. b4 Qxd4 24. Qa3 axb4 25. Qg3 Qd1+ 26. Kb2 Rxa2# 0-1

[Event "Why what snake em?"]
[Site "http://www.queenalice.com/game.php?id=1815294"]
[Date "2023.6.30"]
[Round "-"]
[White "AntoniusBlock"]
[Black "mdfran72"]
[Result "0-1"]
[WhiteElo "1297"]
[BlackElo "1644"]

1. d4 d5 2. g3 f5 3. Bg2 Nf6 4. Nc3 e6 5. a3 c5 6. b4 cxb4 7. axb4 Bxb4 8. Bb2
Bxc3+ 9. Bxc3 Ne4 10. Bb2 Nc6 11. Nf3 a5 12. Ne5 Nxe5 13. dxe5 a4 14. Ba3 Qa5+
15. Kf1 b5 16. Rb1 Nc3 17. Qd4 Nxb1 18. Bb4 Qc7 19. Qb2 a3 20. Qxb1 a2 21. Qa1
Qxc2 22. Bf3 Qb1+ 23. Kg2 Qxb4 24. e4 fxe4 25. Be2 Bd7 26. h4 O-O 27. f4 Qd2 28.
Kf2 b4 29. Rd1 Qc3 30. Qxc3 bxc3 31. Ra1 c2 32. Ke3 Rfc8 33. Kd2 c1=Q+ 34. Rxc1
Rxc1 35. Kxc1 a1=Q+ 36. Kd2 Ra3 37. Bd1 Qa2+ 38. Bc2 Ba4 0-1

[Event "House of Dracula"]
[Site "http://www.queenalice.com/game.php?id=1816784"]
[Date "2023.7.20"]
[Round "-"]
[White "mdfran72"]
[Black "AntoniusBlock"]
[Result "0-1"]
[WhiteElo "1645"]
[BlackElo "1295"]

1. d4 e6 2. e4 Qe7 3. e5 b6 4. Nf3 Bb7 5. c4 Nc6 6. Nbd2 O-O-O 7. Be2 Nh6 8. O-O
f5 9. h3 g5 10. Nh2 Nxd4 11. Nb3 Nc6 12. f3 Nxe5 13. g3 Rg8 14. g4 Bc6 15. Nd4
Qc5 16. Be3 f4 17. Bf2 Nxc4 18. Bxc4 Qxc4 19. Qc2 Qd5 20. Rfc1 Bc5 21. Nxc6 dxc6
22. Qxh7 Bxf2+ 23. Kxf2 Qd2+ 24. Kg1 Qe3+ 25. Kh1 Rh8 26. Qc2 Rd2 27. Re1 Qf2
28. Qxd2 Qxd2 29. b3 Nf7 30. Rxe6 Rxh3 31. Kg1 Qxh2+ 32. Kf1 Rxf3+ 33. Ke1 Qf2+
34. Kd1 Qf1+ 35. Kc2 Qxa1 36. Kd2 Qxa2+ 37. Ke1 Re3+ 38. Rxe3 fxe3 39. b4 Qd2+
0-1

[Event "The House"]
[Site "http://www.queenalice.com/game.php?id=1818492"]
[Date "2023.8.10"]
[Round "-"]
[White "AntoniusBlock"]
[Black "mdfran72"]
[Result "0-1"]
[WhiteElo "1325"]
[BlackElo "1631"]

1. e4 d5 2. Nc3 d4 3. Nd5 c6 4. Nf4 e5 5. Nd3 Na6 6. Nxe5 f6 7. Nef3 c5 8. b3
Bd7 9. Bd3 Nb4 10. c3 Nxd3+ 11. Ke2 Nf4+ 12. Kf1 Bb5+ 13. c4 Bc6 14. Ne2 Bd6 15.
g3 Nd3 16. Qc2 Nb4 17. a3 Nxc2 18. Ra2 Nxa3 19. Rxa3 Bxe4 20. Neg1 Bd3+ 21. Ne2
Qe7 22. b4 Qxe2+ 23. Kg2 Bxc4 24. bxc5 Bxc5 25. Ng1 Qe4+ 26. f3 Qc2 27. Ne2 Bxe2
28. h4 Bxa3 29. Bxa3 Qxd2 30. Kf2 Ba6+ 31. Kg1 Rc8 32. Rh2 Qe3+ 33. Kg2 Rc2+ 34.
Kh3 Rxh2+ 35. Kxh2 Qxa3 36. Kh3 Bf1+ 37. Kg4 Nh6+ 38. Kf4 Qd6+ 39. Ke4 Qe5# 0-1

[Event "Just feel me breathin on ya "]
[Site "http://www.queenalice.com/game.php?id=1819078"]
[Date "2023.8.19"]
[Round "-"]
[White "mdfran72"]
[Black "AntoniusBlock"]
[Result "1-0"]
[WhiteElo "1635"]
[BlackElo "1321"]

1. d4 c6 2. e4 d6 3. d5 c5 4. c4 e5 5. Nc3 Bd7 6. g4 g6 7. g5 Be7 8. h4 Na6 9.
a3 Qa5 10. Bd2 O-O-O 11. Nb5 Qb6 12. b4 Kb8 13. Qb3 h6 14. Nf3 Nc7 15. Nxc7 Kxc7
16. b5 a6 17. a4 Ra8 18. a5 Qa7 19. b6+ Kc8 20. bxa7 Rxa7 21. Qb6 Kb8 22. Bh3
Bd8 23. Qxd6+ Kc8 24. Nxe5 Bxh3 25. Rxh3 b5 26. Qxc5+ Bc7 27. d6 f6 28. gxf6 Rb7
29. d7+ Kd8 30. Qf8# 1-0

[Event "they have their lasers"]
[Site "http://www.queenalice.com/game.php?id=1819560"]
[Date "2023.8.25"]
[Round "-"]
[White "mdfran72"]
[Black "AntoniusBlock"]
[Result "1-0"]
[WhiteElo "1635"]
[BlackElo "1318"]

1. d4 e6 2. d5 Qe7 3. c4 b6 4. e4 Qb4+ 5. Nd2 Na6 6. a3 Qc5 7. Nb3 Qd6 8. Ne2
Bb7 9. f4 Nf6 10. e5 Qe7 11. exf6 gxf6 12. g4 h5 13. Bh3 exd5 14. cxd5 f5 15. g5
Nc5 16. Bxf5 Nxb3 17. Qxb3 Ba6 18. Bd3 c5 19. Bxa6 Qe4 20. Rg1 Bg7 21. Qd3 Qe7
22. d6 Qd8 23. Qe4+ Kf8 24. Nc3 Rc8 25. Bxc8 Qxc8 26. Qe7+ Kg8 27. f5 Bf8 28.
Qe5 Bg7 29. f6 Bf8 30. g6 Bg7 31. fxg7 Rh6 32. gxf7+ Kxf7 33. Bxh6 Kg8 34. O-O-O
Qd8 35. Qxh5 a5 36. Rde1 c4 37. Re8+ 1-0

[Event "Over educated and underskilled"]
[Site "http://www.queenalice.com/game.php?id=1820047"]
[Date "2023.8.31"]
[Round "-"]
[White "AntoniusBlock"]
[Black "mdfran72"]
[Result "1-0"]
[WhiteElo "1315"]
[BlackElo "1638"]

1. d4 d5 2. g3 f5 3. f4 e6 4. Be3 Nf6 5. Nc3 Nc6 6. Nf3 Bb4 7. Bh3 Ne4 8. Nd2
Bxc3 9. bxc3 Nxc3 10. Qc1 b6 11. Qb2 Ne4 12. Nxe4 fxe4 13. Qc3 Ne7 14. O-O O-O
15. g4 g6 16. Bf2 Rxf4 17. Bg3 Rxf1+ 18. Bxf1 c6 19. Bh4 Bd7 20. Qa3 Kf8 21. Bg2
Qe8 22. Rf1+ Kg7 23. Bxe7 Qh8 24. Bf6+ Kg8 25. Bxh8 Kxh8 26. Qe7 h5 27. Qxd7 a5
28. Qxe6 Kh7 29. Qf7+ Kh6 30. g5+ Kxg5 31. Qf4# 1-0

[Event "u jump back quick like a bunny"]
[Site "http://www.queenalice.com/game.php?id=1820590"]
[Date "2023.9.10"]
[Round "-"]
[White "mdfran72"]
[Black "AntoniusBlock"]
[Result "1-0"]
[WhiteElo "1630"]
[BlackElo "1344"]

1. d4 d5 2. Nc3 Nf6 3. e3 Ne4 4. Nxe4 dxe4 5. c4 e6 6. f4 exf3 7. Nxf3 b6 8. e4
Bb4+ 9. Bd2 a5 10. a3 Be7 11. e5 Bb7 12. Be3 O-O 13. Be2 c5 14. O-O Nc6 15. b3
f5 16. g3 Qe8 17. dxc5 bxc5 18. h4 Qg6 19. Bf2 Nd4 20. Nxd4 cxd4 21. Qxd4 f4 22.
Kh2 f3 23. Bd3 Qe8 24. Qg4 Rd8 25. Qxe6+ Rf7 26. Bf5 g6 27. Bh3 Qf8 28. g4 Bc8
29. Qb6 Rf4 30. g5 h6 31. Qxg6+ Qg7 32. Qxh6 Bxg5 33. Qxg5 Bxh3 34. Kxh3 Qxg5
35. hxg5 Rd7 36. Kg3 Rdf7 37. Rae1 Rh7 38. Kxf4 Rf7+ 39. Kg4 Kg7 40. c5 Kg6 41.
e6 Rf5 42. e7 Rxg5+ 43. Kxf3 Kf5 44. e8=Q Rg4 45. Qc8+ Kg5 46. Qxg4+ Kf6 47.
Bd4+ Kf7 48. Kg3# 1-0

[Event "Mommy's having lobster Michael"]
[Site "http://www.queenalice.com/game.php?id=1821468"]
[Date "2023.9.23"]
[Round "-"]
[White "AntoniusBlock"]
[Black "mdfran72"]
[Result "1-0"]
[WhiteElo "1339"]
[BlackElo "1622"]

1. Nf3 Nc6 2. e4 e5 3. b3 Nf6 4. Bb2 d6 5. Bb5 Bd7 6. Ng5 h6 7. Bxc6 Bxc6 8.
Nxf7 Kxf7 9. g4 Bxe4 10. f3 Bg6 11. Na3 e4 12. Qe2 Qe7 13. Bxf6 gxf6 14. Qc4+
Kg7 15. O-O-O exf3 16. Rhe1 Qf7 17. Qf4 c5 18. Qxf3 h5 19. Re4 Bxe4 20. Qxe4 h4
21. Qf5 h3 22. Nc4 b5 23. Ne3 Be7 24. Nd5 a6 25. Re1 Rae8 26. Nc7 Reg8 27. Ne6+
Kh6 28. g5+ Rxg5 29. Nxg5 Qg6 30. Qxh3+ Kxg5 31. Rg1+ Kf4 32. Qe3+ Kf5 33. Qd3+
Ke6 34. Qxg6 Kd7 35. Qf5+ Kc7 36. Qe6 Re8 37. Rg7 Kd8 38. Qf7 b4 39. Rg8 Rxg8
40. Qxg8+ Kd7 41. c4 a5 42. Qg4+ Ke8 43. h4 f5 44. Qg3 Bxh4 45. Qxh4 Kf7 46. d4
cxd4 47. Qxd4 Kg6 48. Qxd6+ Kg5 49. c5 f4 50. c6 Kg4 51. c7 f3 52. c8=Q+ Kh4 53.
Qf4+ Kh5 54. Qcg4# 1-0

[Event "Challenge"]
[Site "http://www.queenalice.com/game.php?id=1824262"]
[Date "2023.10.31"]
[Round "-"]
[White "AntoniusBlock"]
[Black "PRZ"]
[Result "1-0"]
[WhiteElo "1376"]
[BlackElo "1364"]

1. d4 b6 2. Nc3 c6 3. e4 d5 4. g3 e6 5. Bg2 a5 6. Nge2 h5 7. h4 b5 8. a4 b4 9.
Na2 f6 10. c3 c5 11. b3 Nc6 12. Nf4 c4 13. O-O bxc3 14. Nxc3 dxe4 15. Nxe4 g5
16. Ng6 Rh6 17. Nxf8 Kxf8 18. hxg5 fxg5 19. Bxg5 Rf6 20. Nxf6 Nxf6 21. Bh6+ Ke7
22. Bxc6 Ng4 23. Bg5+ 1-0